Regenerating the Inner City: Glasgow's Experience: (Record no. 12640)

000 -LEADER
fixed length control field 00384 a2200145 4500
003 - CONTROL NUMBER IDENTIFIER
control field OSt
005 - DATE AND TIME OF LATEST TRANSACTION
control field 20240430090035.0
008 - FIXED-LENGTH DATA ELEMENTS--GENERAL INFORMATION
fixed length control field 240430b ||||| |||| 00| 0 eng d
020 ## - INTERNATIONAL STANDARD BOOK NUMBER
International Standard Book Number 9781138490277
082 ## - DEWEY DECIMAL CLASSIFICATION NUMBER
Classification number 307.14
100 ## - MAIN ENTRY--PERSONAL NAME
Personal name David Donnison (Editor), Alan Middleton (Editor)
245 ## - TITLE STATEMENT
Title Regenerating the Inner City: Glasgow's Experience:
260 ## - PUBLICATION, DISTRIBUTION, ETC. (IMPRINT)
Name of publisher, distributor, etc Routledge
942 ## - ADDED ENTRY ELEMENTS (KOHA)
Source of classification or shelving scheme
Holdings
Withdrawn status Lost status Source of classification or shelving scheme Damaged status Koha normalized classification for sorting Not for loan Permanent location Current location Date acquired Source of acquisition Cost, normal purchase price Full call number Barcode Date last seen Cost, replacement price Price effective from Koha item type
        307_140000000000000 Not For Loan BMS College of Architecture, Design and Planning BMS College of Architecture, Design and Planning 2024-04-30 10 1623.61 307.14 AR-UG3816 2024-04-30 2423.30 2024-04-30 UG Books
        307_140000000000000   BMS College of Architecture, Design and Planning BMS College of Architecture, Design and Planning 2024-04-30 10 1623.61 307.14 AR-UG3817 2024-04-30 2423.30 2024-04-30 UG Books
        307_140000000000000   BMS College of Architecture, Design and Planning BMS College of Architecture, Design and Planning 2024-04-30 10 1623.61 307.14 AR-UG3818 2024-04-30 2423.30 2024-04-30 UG Books
        307_140000000000000   BMS College of Architecture, Design and Planning BMS College of Architecture, Design and Planning 2024-04-30 10 1623.61 307.14 AR-UG3819 2024-04-30 2423.30 2024-04-30 UG Books
        307_140000000000000   BMS College of Architecture, Design and Planning BMS College of Architecture, Design and Planning 2024-04-30 10 1623.61 307.14 AR-UG3820 2024-04-30 2423.30 2024-04-30 UG Books
Copyright © 2025, The Librarian, Library and Information Centre, BMSCA D&P, Bengaluru. All Rights Reserved
web counter

Powered by Koha